[Event "TCh-SUI 2011"]
[Site "Switzerland SUI"]
[Date "2011.05.08"]
[Round "4.2"]
[White "Brendel,O"]
[Black "Pelletier,Y"]
[Result "0-1"]
[WhiteElo "2392"]
[BlackElo "2586"]

1.e4 d6 2.d4 Nf6 3.Nc3 e5 4.dxe5 dxe5 5.Qxd8+ Kxd8 6.Bc4 Ke8 7.Nf3 Bd6 8.Bg5 Nbd7
9.O-O-O a6 10.h3 b5 11.Bd5 Nxd5 12.Nxd5 f6 13.Be3 Bb7 14.Nh4 g6 15.Rd2 Rf8
16.Rhd1 Rf7 17.g3 Rc8 18.f3 Nf8 19.f4 Bxd5 20.Rxd5 exf4 21.Bxf4 Bxf4+ 22.gxf4 Re7
23.Re1 Ne6 24.Ng2 Rd8 25.Rxd8+ Kxd8 26.b4 Rd7 27.Rd1 Nd4 28.Kb2 Ne2 29.Rxd7+ Kxd7
30.f5 Ng3 31.Nf4 g5 32.Nd3 Nxe4 33.a4 Kd6 34.a5 h5 35.Kc1 Kd5 36.Kd1 c5 37.bxc5 Nxc5
38.Nb4+ Ke4 39.Kd2 g4 40.hxg4 hxg4  0-1

[Event "TCh-SUI 2011"]
[Site "Switzerland SUI"]
[Date "2011.05.08"]
[Round "4.2"]
[White "Vianin,P"]
[Black "Kurmann,O"]
[Result "0-1"]
[WhiteElo "2207"]
[BlackElo "2445"]

1.e4 d6 2.d4 Nf6 3.Nc3 e5 4.dxe5 dxe5 5.Qxd8+ Kxd8 6.f4 Bb4 7.Bd2 exf4 8.Nge2 Re8
9.Bxf4 Bg4 10.O-O-O+ Nbd7 11.e5 Nh5 12.g3 Bxc3 13.bxc3 h6 14.h4 Kc8 15.Rd4 c5
16.Rd3 Nxe5 17.Rd5 Nd7 18.Rh2 Nxf4 19.gxf4 Kc7 20.Rd2 Nb6 21.Ng3 Re3 22.Rdg2 Re1+
23.Kd2 Rd1+ 24.Ke3 Nd5+ 25.Kf2 Nxf4 26.Rg1 Rd2+ 27.Ke3 Rxh2 28.Kxf4 Rxh4
29.Ne4 Bd7+  0-1

[Event "TCh-SUI 2011"]
[Site "Switzerland SUI"]
[Date "2011.05.08"]
[Round "4.6"]
[White "Meylan,A"]
[Black "Gloor,R"]
[Result "0-1"]
[WhiteElo "1983"]
[BlackElo "2219"]

1.e4 d6 2.d4 Nf6 3.Nc3 e5 4.Nf3 Nbd7 5.Bc4 Be7 6.Ng5 O-O 7.Bxf7+ Rxf7 8.Ne6 Qe8
9.Nxc7 Qd8 10.Nxa8 b5 11.dxe5 Nxe5 12.f4 Bg4 13.Qd2 Nc4 14.Qd4 Qxa8 15.O-O Bd8
16.Kh1 Bb6 17.Qd3 b4 18.Qxc4 bxc3 19.e5 d5 20.Qxc3 Be2 21.Be3 Ne4 22.Qa3 Bxe3
23.Qxe3 Bxf1 24.Rxf1 Qc6 25.c3 Qc4 26.Ra1 Rb7 27.Qc1 Nf2+ 28.Kg1 Nd3 29.Qe3 Nxf4
30.b3 Ne2+ 31.Kf2 Rf7+ 32.Ke1 Qxc3+ 33.Qxc3 Nxc3 34.Rc1 Rc7 35.e6 Kf8  0-1

[Event "ch-Euro Indiv Women"]
[Site "Tbilisi GEO"]
[Date "2011.05.08"]
[Round "2"]
[White "Gogishvili,D"]
[Black "Khmiadashvili,T"]
[Result "1-0"]
[WhiteElo "1856"]
[BlackElo "2204"]

1.e4 d6 2.d4 c6 3.Nc3 Nf6 4.f4 g6 5.Nf3 Bg7 6.Bd3 O-O 7.O-O Ne8 8.f5 Nd7
9.Be3 c5 10.fxg6 hxg6 11.Kh1 cxd4 12.Bxd4 Bxd4 13.Nxd4 Ne5 14.Be2 Kg7 15.Qd2 Nc7
16.Nf5+ Bxf5 17.exf5 Rh8 18.Qf4 f6 19.fxg6 Rh6 20.Bd3 Ne6 21.Qg3 Qa5 22.Bf5 Nd4
23.Be4 Ndc6 24.Nd5 Rf8 25.Nf4 Nd8 26.Bf5 Nec6 27.Bd3 e5 28.Ne2 d5 29.Bf5 Ne7
30.Qg4 Nxf5 31.Qxf5 Qc7 32.Ng3 e4 33.Qg4 Rxg6 34.Nf5+ Kf7 35.Qh5 Ne6 36.Qh7+ Ng7
37.Nh6+ Rxh6 38.Qxh6 Qe5 39.Rae1 Rg8 40.Qh7 f5 41.Re3 f4 42.g3 Rf8 43.Rxf4+ Ke7
44.Rexe4 dxe4 45.Rxe4 Qxe4+ 46.Qxe4+ Kf6 47.Qf3+ Ke7 48.Qxb7+ Kf6 49.Qxa7 Re8
50.Qd4+ Kg6 51.Qd3+ Kf6 52.a4 Nf5 53.Qf3 Re3 54.Qf2 Re4 55.a5 Ra4 56.a6 Kg5
57.Qf4+  1-0

[Event "ch-UKR semi-final"]
[Site "Alushta UKR"]
[Date "2011.05.09"]
[Round "7.5"]
[White "Zherebukh,Y"]
[Black "Vypkhanyuk,I"]
[Result "1-0"]
[WhiteElo "2586"]
[BlackElo "2285"]

1.e4 d6 2.d4 Nf6 3.Nc3 e5 4.Nf3 Nbd7 5.Bc4 Be7 6.O-O O-O 7.Re1 c6 8.a4 b6
9.Ba2 Qc7 10.Bg5 Re8 11.Qd3 exd4 12.Nxd4 Nc5 13.Qf3 Bd7 14.Nf5 Bxf5 15.Qxf5 Bd8
16.Qf3 Ne6 17.Bh4 Nd7 18.Bg3 Bf6 19.Rad1 Be5 20.Qe3 Rad8 21.f4 Bxc3 22.Qxc3 Nec5
23.Bh4 Rc8 24.Qd4 Nf8 25.f5 Nfd7 26.Qxd6 Qxd6 27.Rxd6 Ne5 28.Rd4 Kf8 29.f6 Ng6
30.fxg7+ Kxg7 31.Bf2 Re7 32.Rc4 Nb7 33.b4 c5 34.bxc5 Nxc5 35.a5 f6 36.Rc3 Rec7
37.axb6 axb6 38.Bd5 Nd7 39.Rxc7 Rxc7 40.Re2 Nf4 41.Rd2 Nxd5 42.exd5 Kf7 43.Bd4 Rc4
44.Kf2 Ke7 45.Ke3 Kd6 46.Ke4 b5 47.Kf5 Kxd5 48.Bxf6+ Kc6 49.Bd4 Ra4 50.Kg5 Kd5
51.c3 Nc5 52.Be3+ Kc4 53.Bxc5 Kxc5 54.g4 Kc4 55.Rd7 Kxc3 56.Rxh7 b4 57.Rc7+ Kd2
58.Rc4 Ra5+ 59.Kh6 Ra6+ 60.Kh5 Rb6 61.Rd4+ Ke2 62.Re4+ Kf2 63.Rc4 b3 64.Rc1 b2
65.Rb1 Kf3 66.g5 Kf4 67.g6 Rb5+ 68.Kh6 Kg4 69.g7 Rh5+ 70.Kg6 Rg5+ 71.Kf7 Rf5+
72.Ke6 Rg5 73.Rxb2 Kh5 74.Kf7 Rf5+ 75.Kg8 Kg6 76.Rb6+  1-0

[Event "ch-Euro Indiv Women"]
[Site "Tbilisi GEO"]
[Date "2011.05.09"]
[Round "3"]
[White "Ghukasyan,Siranush"]
[Black "Zhorzholiani,M"]
[Result "1/2-1/2"]
[WhiteElo "1766"]
[BlackElo "2136"]

1.e4 d6 2.d4 Nf6 3.Nc3 e5 4.Nf3 Nbd7 5.Bc4 Be7 6.O-O O-O 7.Re1 a6 8.a4 b6
9.Nd5 Bb7 10.dxe5 dxe5 11.Nxf6+ Bxf6 12.b3 Re8 13.Ng5 Bxg5 14.Bxg5 Qxg5 15.Qxd7 Re7
16.Qd3 Ree8 17.Qd7 Re7 18.Qd3 Ree8 19.Qd7 Re7  1/2-1/2

[Event "European Senior Team"]
[Site "Thessaloniki GRE"]
[Date "2011.05.09"]
[Round "7.11.2"]
[White "Winiwarter,F"]
[Black "Har Even,A"]
[Result "0-1"]
[WhiteElo "2167"]
[BlackElo "2062"]

1.e4 d6 2.d4 Nf6 3.Nc3 c6 4.f4 Qa5 5.Bd3 e5 6.Nf3 Bg4 7.dxe5 dxe5 8.O-O Nbd7
9.h3 Bxf3 10.Qxf3 Be7 11.a3 O-O 12.f5 b5 13.Bd2 Qc7 14.g4 h6 15.g5 hxg5 16.Bxg5 Nc5
17.Kh1 Nh7 18.Bd2 Bg5 19.Bxg5 Nxg5 20.Qg4 Nh7 21.Rg1 f6 22.Be2 Rad8 23.b4 Nb7
24.Rg3 Nd6 25.Rag1 Ne8 26.Qh4 Rf7 27.Bh5 Rfd7 28.Bg6 Nf8 29.Qh5 Qb8 30.Rg4 Nxg6
31.fxg6 Rd2 32.Rh4 Kf8 33.Qf3 Rxc2 34.Qe3 Qb6 35.Qg3 Rdd2 36.Rh8+ Ke7 37.Nd1 Qd4
38.Nc3 Qxc3  0-1

[Event "European Senior Team"]
[Site "Thessaloniki GRE"]
[Date "2011.05.09"]
[Round "7.5.3"]
[White "Borwell,A"]
[Black "Micheli,C"]
[Result "0-1"]
[WhiteElo "2056"]
[BlackElo "2258"]

1.e4 d6 2.d4 Nf6 3.Nc3 c6 4.f3 Nbd7 5.Be3 e5 6.Bc4 h5 7.a4 Qa5 8.Ne2 h4 9.O-O Be7
10.Qd2 Nb6 11.Bb3 Be6 12.Rad1 Nc4 13.Bxc4 Bxc4 14.b3 Bxe2 15.Nxe2 Qxd2 16.Rxd2 O-O-O
17.Rfd1 b6 18.c4 Rd7 19.Rd3 Rhd8 20.Kf2 a5 21.Nc3 Rb7 22.Bc1 exd4 23.Rxd4 Nd7
24.Bf4 Nc5 25.R4d2 Nxb3 26.Rb2 Nc5 27.Be3 Bf6 28.Bd4 Be5 29.g3 hxg3+ 30.hxg3 g5
31.Bxe5 dxe5 32.Rxd8+ Kxd8 33.Rd2+ Ke7 34.Ke3 Rb8 35.f4 gxf4+ 36.gxf4 Rh8
37.Rf2 Rh3+ 38.Rf3 exf4+ 39.Kxf4 Nd3+ 40.Ke3 Rxf3+ 41.Kxf3 Ne5+ 42.Ke3 Nxc4+
43.Kd4 Nd6 44.e5 Nb7 45.Ne2 Nc5 46.Nc3 Ke6  0-1

[Event "ch-Asian Individual"]
[Site "Mashhad IRI"]
[Date "2011.05.10"]
[Round "9.23"]
[White "Pourramezanali,A"]
[Black "Hussein,AH"]
[Result "1-0"]
[WhiteElo "2330"]
[BlackElo "2394"]

1.e4 d6 2.d4 Nf6 3.Nc3 Nbd7 4.f4 e5 5.Nf3 exd4 6.Qxd4 Nc5 7.Be3 Be7 8.O-O-O O-O
9.h3 Bd7 10.e5 Nh5 11.g4 Ng3 12.Rg1 Nxf1 13.Rgxf1 Bc6 14.Nd5 Bxd5 15.Qxd5 c6
16.Qd4 d5 17.f5 Ne4 18.g5 Re8 19.f6 Bf8 20.Kb1 g6 21.h4 Ng3 22.Rfe1 Nf5 23.Qg4 Nxe3
24.Rxe3 Bc5 25.Re2 Qc8 26.Qf4 Qf5 27.Qxf5 gxf5 28.Nd4 f4 29.c3 Bxd4 30.cxd4 c5
31.dxc5 f3 32.Re3 Rad8 33.Rxf3 Rxe5 34.Ra3 a6 35.Rb3 d4 36.Rxb7 Rxc5 37.Rxd4 Rdc8
38.a3 h6 39.g6 R5c6 40.Rxf7  1-0

[Event "41st Bosna Open"]
[Site "Sarajevo BIH"]
[Date "2011.05.10"]
[Round "7.38"]
[White "Orehek,S"]
[Black "Djukic,Sa"]
[Result "1/2-1/2"]
[WhiteElo "2017"]
[BlackElo "2202"]

1.e4 d6 2.d4 Nf6 3.Nc3 e5 4.Nf3 Nbd7 5.h3 Be7 6.Be3 c6 7.g4 Qa5 8.Qd2 b5
9.Bd3 a6 10.O-O Qc7 11.Rfe1 Bb7 12.a3 h6 13.Rad1 g5 14.Ne2 c5 15.dxc5 dxc5
16.Ng3 c4 17.Bf1 c3 18.bxc3 Rc8 19.c4 bxc4 20.Qc3 Kf8 21.Nd2 a5 22.Nf5 Ba6
23.Bg2 Bc5 24.Nf1 Ne8 25.Bxc5+ Nxc5 26.Rd5 f6 27.N1g3 Bb7 28.Rdd1 Ne6 29.a4 Rh7
30.Qa3+ Qc5 31.Qxc5+ Rxc5 32.Rb1 Bc6 33.Rb6 Nf4 34.Ra1 Rd7 35.Ne3 Kf7 36.Rb8 Rb7
37.Rxb7+ Bxb7 38.Bf1 Nd6 39.Rd1 Ke6 40.Ngf5 Nxe4 41.f3 Nd5 42.fxe4 Nxe3 43.Nxe3 Bxe4
44.Bxc4+ Ke7 45.Bb3 Rc3 46.Kf2 h5 47.Rd2 h4 48.Bd5 Bg6 49.Bc4 Be4 50.Bb5 Ke6
51.Bd7+ Ke7 52.Bf5 Bc6 53.Rd3 Rc5 54.Ra3 e4 55.Ke2 Kd6 56.Ra2 Ke5 57.Bh7 Kf4
58.Nf1  1/2-1/2

[Event "ch-Euro Indiv Women"]
[Site "Tbilisi GEO"]
[Date "2011.05.10"]
[Round "4"]
[White "Fataliyeva,U"]
[Black "Nikoladze,S"]
[Result "1-0"]
[WhiteElo "2105"]
[BlackElo "2278"]

1.e4 d6 2.d4 Nf6 3.Nc3 e5 4.Nf3 Nbd7 5.Bc4 Be7 6.O-O O-O 7.a4 c6 8.Re1 Qc7
9.h3 b6 10.d5 Bb7 11.dxc6 Bxc6 12.Bb5 Nc5 13.Bxc6 Qxc6 14.Bg5 Ne6 15.Nd5 Rfe8
16.Nxe7+ Rxe7 17.Bxf6 gxf6 18.Nh4 Ng7 19.Ra3 f5 20.Rg3 f6 21.Nxf5 Rd7 22.Ree3 Rc8
23.Nxg7 Rxg7 24.Rxg7+ Kxg7 25.Qg4+ Kf8 26.Rc3  1-0

[Event "European Senior Team"]
[Site "Thessaloniki GRE"]
[Date "2011.05.10"]
[Round "8.11.1"]
[White "Einarsson,A"]
[Black "Macdonald Ross,M"]
[Result "1/2-1/2"]
[WhiteElo "2227"]
[BlackElo "2157"]

1.e4 d6 2.d4 Nf6 3.Nc3 Nbd7 4.Nf3 e5 5.Bc4 Be7 6.h3 O-O 7.Be3 c6 8.a4 b6
9.O-O a6 10.Qe2 Bb7 11.Rfd1 b5 12.dxe5 dxe5 13.Bb3 Qc7 14.Nd2 Nc5 15.f3 Rad8
16.Qf2 Nxb3 17.Nxb3 Rxd1+ 18.Nxd1 Nd7 19.Nc3 Re8 20.Rd1 b4 21.Nb1 c5 22.N1d2 Bc6
23.Ra1 c4 24.Nxc4 Bxe4 25.Ncd2 Bg6 26.Rc1 Qc6 27.a5 Nf8 28.c4  1/2-1/2

[Event "ch-UKR semi-final"]
[Site "Alushta UKR"]
[Date "2011.05.11"]
[Round "9.23"]
[White "Maximov,D"]
[Black "Mischuk,D"]
[Result "1/2-1/2"]
[WhiteElo "2486"]
[BlackElo "2317"]

1.e4 d6 2.d4 Nf6 3.Nc3 e5 4.dxe5 dxe5 5.Qxd8+ Kxd8 6.Bc4 Be6 7.Bxe6 fxe6
8.f3 Bc5 9.Na4 Bd6 10.Be3 Nbd7 11.O-O-O Ke7 12.Nh3 b5 13.Nc3 a6 14.Nf2 Nh5
15.Ne2 Nf4 16.Bxf4 exf4 17.Nd3 e5 18.g3 g5 19.h4 h6 20.Rh2 Raf8 21.g4 h5
22.Rg1 hxg4 23.Rxg4 Rxh4 24.Rgxh4 gxh4 25.Rxh4 Rg8 26.Rh7+ Ke6 27.Kd2 Nf6
28.Ndxf4+ exf4 29.Nd4+  1/2-1/2

[Event "ch-UKR semi-final"]
[Site "Alushta UKR"]
[Date "2011.05.11"]
[Round "9.21"]
[White "Demkovich,A"]
[Black "Vypkhanyuk,I"]
[Result "1/2-1/2"]
[WhiteElo "2424"]
[BlackElo "2285"]

1.e4 d6 2.d4 Nf6 3.Nc3 e5 4.Nf3 Nbd7 5.g3 Be7 6.Bg2 c6 7.a4 a5 8.O-O O-O
9.Re1 Re8 10.h3 Qc7 11.b3 Nf8 12.Bb2 Ng6 13.Qd3 h5 14.dxe5 dxe5 15.Ng5 Bb4
16.Red1 h4 17.Ne2 b6 18.Qf3 Qe7 19.Nc1 hxg3 20.fxg3 Ng4 21.hxg4 Qxg5 22.Bh3 Bc5+
23.Kg2 Bd4 24.c3 Be3 25.Nd3 Be6 26.c4 Bd4 27.Bc1 Qe7 28.Ba3 c5 29.Ra2 Rad8
30.Bc1 Qd7 31.Rad2 Qc8 32.Rh1 Kf8 33.Rdd1 Ke7 34.g5 Bxh3+ 35.Rxh3 Rh8 36.Rdh1 Qe6
37.Rxh8 Rxh8 38.Rxh8 Nxh8 39.Qf5 Ng6  1/2-1/2

[Event "46th Capablanca Memorial Open B"]
[Site "Havana CUB"]
[Date "2011.05.12"]
[Round "2.6"]
[White "Hernandez Gonzalez,W"]
[Black "Li Torres,M"]
[Result "0-1"]
[WhiteElo "2206"]
[BlackElo "2251"]

1.e4 d6 2.d4 Nf6 3.Nc3 e5 4.Nf3 Nbd7 5.Be2 Be7 6.h3 c6 7.Be3 b5 8.a3 a6 9.O-O O-O
10.Nh4 exd4 11.Bxd4 Re8 12.Nf5 Bf8 13.Be3 Ne5 14.Ng3 Bb7 15.Kh1 c5 16.Bg5 Ng6
17.f4 h6 18.Bxf6 Qxf6 19.Nh5 Qh4 20.f5 Ne5 21.f6 g5 22.Kh2 g4 23.Bxg4 Nxg4+
24.Qxg4+ Qxg4 25.hxg4 b4 26.Nd5 Rxe4 27.Ndf4 Rc4 28.Rf2 Be4 29.axb4 cxb4
30.Re1 d5 31.Rd2 Bd6 32.g3 Rac8 33.Nxd5 Rxc2 34.Ree2 Rxd2 35.Rxd2 Rc2 36.Rxc2 Bxc2  0-1

[Event "41st Bosna Open"]
[Site "Sarajevo BIH"]
[Date "2011.05.12"]
[Round "9.6"]
[White "Saric,Iv"]
[Black "Al Sayed,Mohamad"]
[Result "1/2-1/2"]
[WhiteElo "2637"]
[BlackElo "2485"]

1.e4 d6 2.d4 Nf6 3.Nc3 e5 4.Nf3 Nbd7 5.Bc4 Be7 6.O-O O-O 7.Re1 a6 8.a4 b6
9.b3 Bb7 10.Bb2 c6 11.Bd3 Re8 12.Ne2 Bf8 13.Ng3 g6 14.Qd2 Bg7 15.h3 Qc7 16.a5 b5
17.c4 bxc4 18.bxc4 c5 19.d5 Reb8 20.Bc3 Bc8 21.Bc2 Nf8 22.Rf1 Qe7 23.Ne1 h5
24.Qe3 h4 25.Ne2 Nh5 26.Nd3 f5 27.exf5 gxf5 28.Nb2 f4 29.Qf3 Qf7 30.Na4 Nh7
31.Qd3 Ng5 32.Qg6 Nxh3+ 33.gxh3 f3 34.Nc1 Nf4 35.Qxf7+ Kxf7 36.Nd3 Ne2+ 37.Kh2 e4
38.Bxg7 exd3 39.Bxd3 Kxg7 40.Nb6 Ra7 41.Be4 Re7 42.Bxf3 Nd4 43.Bg4 Bxg4 44.hxg4 Rf8
45.Ra3 Nc2 46.Ra2 Re2 47.Nd7 Rd8 48.Rc1 Rxf2+ 49.Kg1 Rf4 50.Nxc5 Nd4 51.Nxa6 Re8
52.Nc7 Re3 53.Ne6+ Nxe6 54.dxe6 Rxg4+ 55.Kh2 Rgg3 56.Rcc2 Rh3+ 57.Kg1 Rhg3+
58.Kf1 Rgf3+ 59.Rf2 Rxf2+ 60.Kxf2 Rxe6 61.a6 Re8 62.a7 Ra8 63.Ke3 Kf6 64.Kd4 Ke6
65.Ra6 Kd7 66.Kd5 Kc7 67.Rxd6 Rxa7 68.Rh6 Ra1 69.Rh7+ Kc8 70.Rxh4 Ra5+ 71.Kc6 Ra6+
72.Kc5 Rg6 73.Rh7 Rg5+ 74.Kb4 Rf5 75.Re7 Rg5 76.Kc3 Rh5 77.Kd4 Rg5 78.Re5 Rxe5
79.Kxe5 Kc7 80.Kd5  1/2-1/2

[Event "TCh-UKR Clubs 2011"]
[Site "Alushta UKR"]
[Date "2011.05.13"]
[Round "1.5"]
[White "Savchenko,B"]
[Black "Sitnikov,A"]
[Result "0-1"]
[WhiteElo "2630"]
[BlackElo "2496"]

1.d4 d6 2.e4 Nf6 3.Nc3 Nbd7 4.g4 h6 5.h4 e5 6.Bh3 d5 7.dxe5 Nxe5 8.f4 Nfxg4
9.fxe5 Qxh4+ 10.Kd2 Bb4 11.Qe1 Qg5+ 12.Ke2 Qxe5 13.Nf3 Qf6 14.Bd2 Ne5 15.Qg3 Qxf3+
16.Qxf3 Nxf3 17.Kxf3 Bxh3 18.Rxh3 dxe4+ 19.Nxe4 Bxd2 20.Nxd2 O-O 21.Rg1 Rad8
22.Nb3 Rd6 23.Rh4 f5 24.Rd4 Rfd8 25.Rxd6 Rxd6 26.Kf4 Rd5 27.Ke3 g5 28.Rh1 Kg7
29.Nd4 Kg6 30.b4 c6 31.a4 h5 32.a5 Re5+ 33.Kd2 a6 34.Nb3 g4 35.Nc5 g3 36.Re1 Rd5+
37.Ke3 Re5+ 38.Kd2 Rxe1 39.Kxe1 Kg5 40.Nxb7 h4 41.Kf1 h3 42.Nc5 f4 43.Ne4+ Kg4
44.Nf6+ Kh4 45.Ne4 h2  0-1

[Event "ch-Euro Indiv Women"]
[Site "Tbilisi GEO"]
[Date "2011.05.13"]
[Round "7"]
[White "Daulyte,D"]
[Black "Zhorzholiani,M"]
[Result "1-0"]
[WhiteElo "2306"]
[BlackElo "2136"]

1.e4 d6 2.d4 Nf6 3.Nc3 e5 4.Nge2 Be7 5.g3 c6 6.Bg2 b5 7.a3 O-O 8.O-O Nbd7
9.h3 Rb8 10.g4 a5 11.Ng3 exd4 12.Qxd4 c5 13.Qd1 b4 14.axb4 cxb4 15.Nce2 Nc5
16.Nd4 Bb7 17.Ndf5 Nfxe4 18.Nxe4 Bxe4 19.Bxe4 Nxe4 20.Re1 d5 21.Qxd5 Nf6
22.Qe5 Re8 23.Nxe7+ Kf8 24.Bf4 Rc8 25.Qxf6 Rxe7 26.Qd6 Ke8 27.Qa6 Rxc2 28.Rad1 Rxe1+
29.Rxe1+ Kf8 30.Qd6+  1-0

[Event "TCh-UKR Clubs 2011"]
[Site "Alushta UKR"]
[Date "2011.05.14"]
[Round "2.3"]
[White "Moiseenko,A1"]
[Black "Harutjunyan,G"]
[Result "1-0"]
[WhiteElo "2679"]
[BlackElo "2449"]

1.d4 d6 2.e4 Nf6 3.Nc3 e5 4.Nf3 exd4 5.Nxd4 Be7 6.Bf4 O-O 7.Qd2 Re8 8.O-O-O Nbd7
9.f3 Ne5 10.Kb1 c6 11.h4 Qc7 12.g4 b5 13.g5 Nfd7 14.Qg2 b4 15.Nce2 Nb6 16.h5 c5
17.Nf5 Bxf5 18.exf5 Nbc4 19.Nc1 Bf8 20.g6 Qe7 21.h6 fxg6 22.fxg6 hxg6 23.Bxe5 Ne3
24.Bxd6 Qf6 25.Bxf8 Nxg2 26.hxg7 Rxf8 27.gxf8=Q+ Kxf8 28.Bxg2 Re8 29.f4 c4
30.Rh7 Kg8 31.Rdd7  1-0

[Event "6th Paradiso Amateur Open"]
[Site "Paradiso SUI"]
[Date "2011.05.14"]
[Round "3.2"]
[White "Borsos,B"]
[Black "Borin,F"]
[Result "1/2-1/2"]
[WhiteElo "2278"]
[BlackElo "2114"]

1.e4 d6 2.d4 Nf6 3.Nc3 e5 4.Nf3 Nbd7 5.Bc4 Be7 6.O-O c6 7.a4 O-O 8.Re1 b6
9.h3 a6 10.dxe5 dxe5 11.Bg5 Qc7 12.Nh2 Nc5 13.Qf3 Ne6 14.Bxe6 Bxe6 15.Ne2 Ne8
16.Bxe7 Qxe7 17.Ng3 Rd8 18.Ng4 f6 19.Nf5 Bxf5 20.Qxf5 Nc7 21.Qf3 Qb4 22.Qa3 Qxa3
23.Rxa3 Rd2 24.Rc3 c5 25.Ne3 Rd4 26.a5 Nb5 27.axb6 Nxc3 28.bxc3 Rxe4 29.Rb1 Rxe3
30.fxe3 Rb8 31.Kf2 Kf7 32.Ke2 e4 33.b7  1/2-1/2

[Event "46th Capablanca Memorial Open B"]
[Site "Havana CUB"]
[Date "2011.05.15"]
[Round "5.50"]
[White "Roca Rojas,A"]
[Black "Gabriel,Ca"]
[Result "0-1"]
[WhiteElo "1948"]
[BlackElo "2214"]

1.e4 d6 2.d4 Nf6 3.Nc3 e5 4.Nf3 Nbd7 5.Bc4 Be7 6.Be3 O-O 7.Qd2 c6 8.a4 a5
9.h3 Qc7 10.O-O-O d5 11.exd5 e4 12.Bf4 Bd6 13.Bxd6 Qxd6 14.Nh2 cxd5 15.Nb5 Qc6
16.Bb3 Nb6 17.Qf4 Bd7 18.Ng4 Nxg4 19.hxg4 Qg6 20.Nc7 Rac8 21.Nxd5 Nxd5 22.Bxd5 Rfe8
23.Bb3 Bxg4 24.Rd2 Bd7 25.Re1 b5 26.Re3 bxa4 27.Rg3 axb3 28.Rxg6 hxg6 29.Qe3 Ba4
30.c3 Bb5 31.Rd1 a4 32.Re1 Bc6 33.Rd1 a3 34.Kd2 a2 35.Ra1 Red8 36.Kd1 Rd5
37.f3 Rh5 38.Qe1 exf3 39.gxf3 Rh2  0-1

[Event "TCh-NED"]
[Site "Netherlands NED"]
[Date "2011.05.15"]
[Round "9"]
[White "Kleijn,C"]
[Black "Klyuner,V"]
[Result "1/2-1/2"]
[WhiteElo "2427"]
[BlackElo "2448"]

1.e4 d6 2.d4 Nf6 3.Nc3 e5 4.Nf3 Nbd7 5.Bc4 Be7 6.O-O O-O 7.a4 a5 8.Re1 c6
9.Ba2 Ne8 10.Be3 Bf6 11.Qd2 Qe7 12.Rad1 Nc7 13.h3 Re8 14.Nh2 Nf8 15.Ng4 Bxg4
16.hxg4 h6 17.d5 Red8 18.g3 c5 19.Kg2 Ng6 20.Rh1 Bg5 21.Rh5 Bxe3 22.Qxe3 f6
23.Bc4 Qd7 24.Qf3 Nh8 25.Rdh1 Nf7 26.Nb5 Nxb5 27.Bxb5 Qc7 28.b3 Qe7 29.Qe3 Rdc8
30.Be2 Ng5 31.Re1 Rc7 32.f4 Nf7 33.f5  1/2-1/2

[Event "TCh-NED"]
[Site "Netherlands NED"]
[Date "2011.05.15"]
[Round "9.9"]
[White "Bouwmeester,Andre"]
[Black "Van der Weide,P"]
[Result "1/2-1/2"]
[WhiteElo "2216"]
[BlackElo "2199"]

1.e4 d6 2.d4 Nf6 3.Nc3 e5 4.Nf3 Nbd7 5.g3 c6 6.Bg2 Be7 7.O-O O-O 8.a4 b6
9.Qe2 a5 10.Rd1 Ba6 11.Qe1 Qb8 12.b3 Re8 13.Bb2 Bf8 14.Qd2 Qc7 15.Re1 Rac8
16.Rac1 g6 17.h3 Bg7 18.dxe5 dxe5 19.Bf1  1/2-1/2

[Event "ch-KAZ 2011"]
[Site "Astana KAZ"]
[Date "2011.05.16"]
[Round "2"]
[White "Ospanov,N"]
[Black "Karayev,A"]
[Result "1/2-1/2"]
[WhiteElo "2250"]
[BlackElo "2284"]

1.e4 d6 2.d4 Nf6 3.Nc3 e5 4.Nf3 Nbd7 5.Be2 Be7 6.O-O c6 7.a4 O-O 8.Re1 Qc7
9.Bf1 a5 10.h3 Re8 11.Be3 Bf8 12.d5 Nb6 13.Ra3 Nfd7 14.Nd2 f5 15.exf5 Nf6
16.dxc6 bxc6 17.Rb3 Nbd5 18.Nxd5 cxd5 19.Bb6 Qf7 20.Bb5 Bd7 21.Nf3 h6 22.Qd2 Rec8
23.Nh4 Be7 24.Bxd7 Nxd7 25.Ng6 Bg5 26.Be3 Nc5 27.Rb5 Qxf5 28.Qxd5+ Kh7 29.Bxg5 Qxg6
30.Bc1 Qxc2 31.Rd1 Qxa4 32.Rb6 Qe4 33.Rxd6 Qxd5 34.R6xd5 e4 35.Be3 Nd3 36.Rd7 Rd8
37.Rxd8 Rxd8 38.Ra1 Rd5 39.Bb6 Nxb2  1/2-1/2

[Event "FSIM May"]
[Site "Budapest HUN"]
[Date "2011.05.16"]
[Round "9.1"]
[White "Szalanczy,E"]
[Black "Sahu,Se"]
[Result "1-0"]
[WhiteElo "2276"]
[BlackElo "2227"]

1.e4 d6 2.d4 Nf6 3.Nc3 c6 4.Bd3 e5 5.Nge2 Be7 6.O-O O-O 7.Kh1 Bg4 8.f3 Bh5
9.Be3 Nbd7 10.a4 a5 11.Qe1 Re8 12.Rd1 Qc7 13.Qf2 Nf8 14.h4 Bd8 15.dxe5 dxe5
16.Bc4 Ne6 17.Rd3 Nf4 18.Nxf4 exf4 19.Bc5 Qb8 20.Rfd1 Bc7 21.Bd6 Bg6 22.Qc5 Nd7
23.Qg5 Ne5 24.Bxe5 Rxe5 25.Qg4 Bh5 26.Qh3 Rc5 27.Bb3 Be5 28.Rd7 Bf6 29.Ne2 Bg6
30.R1d6 Rh5 31.Rxf6 gxf6 32.Qg4 f5 33.Bxf7+ Kh8 34.exf5 Bxf5 35.Qxh5 Bxd7
36.Qc5 Kg7 37.Bc4 b5 38.Qe7+  1-0

[Event "ch-Euro Indiv Women"]
[Site "Tbilisi GEO"]
[Date "2011.05.16"]
[Round "9"]
[White "Kovanova,B"]
[Black "Zhorzholiani,M"]
[Result "1-0"]
[WhiteElo "2361"]
[BlackElo "2136"]

1.e4 d6 2.d4 Nf6 3.Nc3 e5 4.Nge2 Be7 5.g3 c6 6.a4 O-O 7.Bg2 Nbd7 8.O-O a5
9.h3 Re8 10.g4 g6 11.Ng3 exd4 12.Qxd4 Nc5 13.Bh6 Ne6 14.Qd2 Qb6 15.Be3 Nc5
16.f4 Nfd7 17.g5 Bf8 18.Kh1 Qb4 19.f5 Ne5 20.Qf2 b6 21.Bd4 Ncd7 22.b3 c5
23.fxg6 hxg6 24.Bxe5 Rxe5 25.Nd5 Qd4 26.Qxf7+ Kh8 27.Nf6 Nxf6 28.Qxf6+  1-0

[Event "Serbian Cup 2011"]
[Site "Valjevo SRB"]
[Date "2011.05.16"]
[Round "1.1"]
[White "Kovacevic,A"]
[Black "Marinovic,B"]
[Result "1-0"]
[WhiteElo "2575"]
[BlackElo "2404"]

1.e4 d6 2.d4 Nf6 3.Nc3 e5 4.Nf3 Nbd7 5.Bc4 Be7 6.O-O O-O 7.Re1 c6 8.a4 Qc7
9.h3 b6 10.Ba2 a6 11.Be3 Rb8 12.Qd2 b5 13.axb5 axb5 14.b4 exd4 15.Nxd4 Ne5
16.f4 Nc4 17.Bxc4 bxc4 18.b5 cxb5 19.e5 dxe5 20.fxe5 b4 21.Ncb5 Qd7 22.Ra7 c3
23.Qf2 Rb7 24.exf6 Bxf6 25.Rxb7 Bxb7 26.Qf5 Qd8 27.Bf2 g6 28.Qc5 Qd5 29.Qxd5 Bxd5
30.Nc7 Bb7 31.Ne8 Bg5 32.h4 Bd2 33.Re7 Ba6 34.Bg3 f6 35.Nc7 Bc4 36.Bd6 Rf7
37.Re8+ Kg7 38.Nde6+ Kh6 39.Bxb4 Kh5 40.g3 g5 41.Kf2 Kg4 42.Rd8 Kh3 43.Rd4 Ba2
44.Rd3 gxh4 45.g4+ Kxg4 46.Bxc3 Bg5 47.Bb4 Bb1 48.Rd4+ Kh5 49.c4 Bf5 50.Bd6 Bg4
51.c5  1-0

[Event "20th ch-MKD 2011"]
[Site "Skopje MKD"]
[Date "2011.05.17"]
[Round "7"]
[White "Petrovski,I"]
[Black "Pancevski,F"]
[Result "1-0"]
[WhiteElo "2232"]
[BlackElo "2399"]

1.e4 d6 2.d4 Nf6 3.Nc3 e5 4.Nf3 Nbd7 5.Bc4 Be7 6.O-O O-O 7.Re1 a6 8.a4 b6
9.b3 Bb7 10.Bb2 c6 11.d5 c5 12.Bf1 g6 13.Nd2 Nh5 14.Nc4 Ng7 15.g3 f5 16.exf5 Nxf5
17.Bg2 Nf6 18.Ne4 Nxe4 19.Bxe4 Qc7 20.h4 b5 21.Ne3 Ng7 22.Qe2 b4 23.Nc4 Bf6
24.a5 Rae8 25.Nb6 Qf7 26.Nc4 Be7 27.Ne3 Nf5 28.Ng4 h5 29.Bxf5 Qxd5 30.Be4 Qxe4
31.Qxe4 Bxe4 32.Rxe4 hxg4 33.Rxg4 Kh7 34.Kg2 Bd8 35.Rd1 Bc7 36.Re4 Rd8 37.Rd5 Bxa5
38.f4 Bb6 39.fxe5 dxe5 40.Rexe5 Rxd5 41.Re7+ Kh6 42.Bg7+ Kh5 43.Bxf8 Kg4
44.Bh6 Kf5 45.Kf3 Kf6 46.Rb7 Rd6 47.Bf4 Rc6 48.Ke4 Ba5 49.Be5+  1-0

[Event "Serbian Cup 2011"]
[Site "Valjevo SRB"]
[Date "2011.05.17"]
[Round "2.1"]
[White "Solak,D"]
[Black "Pikula,D"]
[Result "1/2-1/2"]
[WhiteElo "2588"]
[BlackElo "2531"]

1.e4 d6 2.d4 Nf6 3.Nc3 e5 4.Nf3 Nbd7 5.Bc4 Be7 6.O-O O-O 7.Re1 c6 8.a4 a5
9.h3 exd4 10.Qxd4 Nc5 11.Bf4 Be6 12.Rad1 Ne8 13.Be3 Qb6 14.Bxe6 fxe6 15.Qc4 Qb4
16.Qa2  1/2-1/2

[Event "Serbian Cup 2011"]
[Site "Valjevo SRB"]
[Date "2011.05.17"]
[Round "2.6"]
[White "Radlovacki,J"]
[Black "Colovic,D"]
[Result "1-0"]
[WhiteElo "2418"]
[BlackElo "2362"]

1.e4 d6 2.d4 Nf6 3.Nc3 e5 4.Nf3 Nbd7 5.Bc4 Be7 6.O-O c6 7.a4 Qa5 8.Ba2 O-O
9.h3 exd4 10.Qxd4 Ne5 11.Qd1 Nxf3+ 12.Qxf3 Be6 13.Bd2 Bxa2 14.Rxa2 Rfe8 15.Rd1 Qh5
16.Qxh5 Nxh5 17.g4 Nf6 18.Bf4 Bf8 19.f3 d5 20.exd5 Nxd5 21.Nxd5 cxd5 22.Kf1 Rac8
23.c3 Rc4 24.Bd2 f5 25.Re1 Rxe1+ 26.Bxe1 fxg4 27.hxg4 Kf7 28.Ke2 Bd6 29.b3 Rc8
30.Kd3 Be5 31.a5 a6 32.Ra4 Bd6 33.Bf2 Ke6 34.Bd4 Rf8 35.Ke3 g6 36.Ra1 h5
37.Rh1 hxg4 38.fxg4 Rf4 39.Rh7 Rxg4 40.Rxb7 Be5 41.Rb6+ Kf5 42.Bxe5 Kxe5
43.Rxa6 Rg3+ 44.Kd2 d4 45.cxd4+ Kxd4 46.Rd6+ Kc5 47.Rb6 Kd4 48.Ke2 Ke4 49.Kf2 Rf3+
50.Kg2 Rf5 51.a6 Rg5+ 52.Kf2 Ra5 53.b4 Ra3 54.Rxg6 Kf4 55.Rf6+ Ke5 56.Rb6 Kf4
57.b5 Ra2+ 58.Kg1 Kg3 59.Rg6+ Kf3 60.Rg7 Ra1+ 61.Kh2 Ra2+ 62.Kh3 Ra1 63.Rf7+  1-0

[Event "Serbian Cup 2011"]
[Site "Valjevo SRB"]
[Date "2011.05.17"]
[Round "2.2"]
[White "Nestorovic,L"]
[Black "Perunovic,Mil"]
[Result "0-1"]
[WhiteElo "2419"]
[BlackElo "2578"]

1.e4 d6 2.d4 Nf6 3.Nc3 e5 4.Nge2 c6 5.f3 Be7 6.Be3 O-O 7.Qd2 Nbd7 8.g4 Nb6
9.Ng3 exd4 10.Bxd4 d5 11.g5 Ne8 12.O-O-O c5 13.Be5 d4 14.h4 Be6 15.Nb5 a6
16.Na3 f6 17.gxf6 Bxf6 18.Bxf6 Qxf6 19.Be2 Nd6 20.Nh5 Qf7 21.Nxg7 Kxg7 22.Qg5+ Kh8
23.Qe5+ Qf6 24.Qxd6 Nd7 25.Bc4 Rae8 26.Bd5 b5 27.Qxa6 Bxd5 28.Qxf6+ Nxf6
29.exd5 b4 30.Nc4 Nxd5 31.Rde1 Ne3 32.Nxe3 dxe3 33.Rhf1 Rf4 34.Re2 Kg7 35.c3 bxc3
36.bxc3 h5 37.Rg2+ Kf6 38.Kc2 Rxh4 39.Kd3 Ra4 40.Re1 Rd8+ 41.Ke2 Rxa2+ 42.Kf1 Rxg2
43.Kxg2 Re8 44.Re2 Kf5 45.Kf1 Kf4 46.Rh2 e2+ 47.Ke1 Re5 48.Rh3 c4 49.Rh4+ Kxf3
50.Rh3+ Kg4 51.Rh1 h4 52.Rg1+ Kf3 53.Rg8 h3 54.Rf8+ Kg4 55.Rh8 Rh5 56.Rg8+ Kh4  0-1